Music Quiz

Random Music or Song Quiz

Complete the '70s Song... With a Picture Quiz Stats

 Plays Quiz Updated Aug 6, 2019

Score 0/20 Timer 05:00
13 Plays Today
% Correct
STAIRWAY to Heaven
97.1%
Midnight TRAIN to Georgia
96.6%
American PIE
95.7%
The Long and
WINDING Road
95.6%
Lookin' Out My Back DOOR
95.6%
SMOKE on the Water
95.5%
SIGNED, Sealed,
Delivered I'm Yours
95.4%
Heart of GOLD
94.9%
You Are the
SUNSHINE of My Life
94.5%
A HORSE with No Name
94%
% Correct
Big Yellow TAXI
93.1%
Dancing QUEEN
92.1%
Anarchy in the U.K.
92%
Bennie and the JETS
90.5%
MAGGIE May
90.1%
CROCODILE Rock
88.8%
PIANO Man
88.6%
Ain't No MOUNTAIN
High Enough
88.3%
London CALLING
82.9%
Night FEVER
76.9%

You're not logged in!

Compare scores with friends on all Sporcle quizzes.
OR
Log In

Sporcle TV

Today on Sporcle TV


Watch our educational content, quiz creation guides, and fun videos on Sporcle TV.

Show Comments

Extras

Top Quizzes Today


Score Distribution

Your Account Isn't Verified!

In order to create a playlist on Sporcle, you need to verify the email address you used during registration. Go to your Sporcle Settings to finish the process.

Report this User

Report this user for behavior that violates our Community Guidelines.

Details: